|
|
|
|
| LEADER |
01381nam a2200373Ia 4500 |
| 001 |
EBC289882 |
| 003 |
MiAaPQ |
| 005 |
20200520144314.0 |
| 006 |
m o d | |
| 007 |
cr cn||||||||| |
| 008 |
041014s2004 enk gsb 000 0 eng d |
| 020 |
|
|
|z 9780861769674
|
| 020 |
|
|
|z 0861769678
|
| 035 |
|
|
|a (MiAaPQ)EBC289882
|
| 035 |
|
|
|a (Au-PeEL)EBL289882
|
| 035 |
|
|
|a (CaPaEBR)ebr10058597
|
| 035 |
|
|
|a (CaONFJC)MIL51542
|
| 035 |
|
|
|a (OCoLC)70733743
|
| 040 |
|
|
|a MiAaPQ
|c MiAaPQ
|d MiAaPQ
|
| 050 |
|
4 |
|a HD30.3
|b .D57 2004
|
| 082 |
0 |
4 |
|a 658.4/5/05
|2 21
|
| 245 |
0 |
4 |
|a The discipline, study and practice of management
|h [electronic resource] :
|b a reflective inquiry /
|c guest editor, Kazem Chaharbaghi.
|
| 260 |
|
|
|a [Bradford, England] :
|b Emerald Group Pub.,
|c 2004.
|
| 300 |
|
|
|a p. 361-611.
|
| 490 |
1 |
|
|a Management decision ;
|v v. 42, no. 3/4, 2004
|
| 504 |
|
|
|a Includes bibliographical references.
|
| 533 |
|
|
|a Electronic reproduction. Ann Arbor, MI : ProQuest, 2015. Available via World Wide Web. Access may be limited to ProQuest affiliated libraries.
|
| 650 |
|
0 |
|a Management.
|
| 650 |
|
0 |
|a Organization.
|
| 655 |
|
4 |
|a Electronic books.
|
| 700 |
1 |
|
|a Chaharbaghi, Kazem.
|
| 710 |
2 |
|
|a ProQuest (Firm)
|
| 830 |
|
0 |
|a Management decision ;
|v v. 42, no. 3/4, 2004.
|
| 856 |
4 |
0 |
|u https://ebookcentral.proquest.com/lib/matrademy/detail.action?docID=289882
|z Click to View
|